| 000 | 01316nam a2200373 a 4500 | ||
|---|---|---|---|
| 999 |
_c7543 _d7543 |
||
| 001 | 991025873609706706 | ||
| 003 | OSt | ||
| 005 | 20211216112945.0 | ||
| 008 | 001113s1995 spc|||||| 001 ||spa|c | ||
| 015 |
_aLL2000 _2bnc |
||
| 017 | _aDL B. 32108-1995 | ||
| 020 | _a8476763204 | ||
| 035 | _a(ES-BaCBU)b16721810-34csuc_network | ||
| 035 | _a(ES-BaCBU).b16721810 | ||
| 035 | _a(ccuc001)b16721810 | ||
| 035 | _a(OCoLC)802662650 | ||
| 040 |
_aES-BaCBU _bcat _cCDMR |
||
| 041 | 1 |
_aspa _hita |
|
| 080 | _a301.153 | ||
| 080 | _a316.77 | ||
| 100 | 1 | _aGrandi, Roberto. | |
| 245 | 1 | 0 |
_aTexto y contexto en los medios de comunicación : _banálisis de la información, publicidad, entretenimiento y su consumo / _cRoberto Grandi ; con dos artículos de G. Manetti y M. Pia Pozzato |
| 260 |
_aBarcelona : _bBosch, _cDL 1995 |
||
| 300 |
_a365 p. ; _c21 cm |
||
| 504 | _aBibliografia p. [331]-359 | ||
| 546 | _aTraducció de: I mass media fra testo e contesto | ||
| 650 | 7 |
_aSemiòtica _2thub |
|
| 650 | 0 | 4 |
_aPublicitat _xSemiòtica |
| 650 | 0 | 4 |
_aMitjans de comunicació de massa _xSemiòtica |
| 830 | 0 |
_aBosch comunicación ; _v16 |
|
| 907 |
_a.b16721810 _b16-06-21 _c07-05-08 _d13-11-00 _em _fa _g- _hspa _ispc _j0 _k10 |
||
| 908 |
_aBC _aUAB _aUB _aUdG _aUJI _aUPF _aURV _aUVic-UCC _aURL _aUdL _aGEPA |
||
| 942 |
_2udc _cMON |
||